000 01629nam0a22003371 4500
001 rc\4406137
005 20260406163720.0
021 _aRU
_b[66-50768]
035 _a(NLR Aleph) 008561336
090 _a8467539
_c8467539
100 _a20130416d1966 |||y0rusy50 ca
101 0 _arus
102 _aRU
105 _aa z |||||
200 1 _a[Путеводитель]
_fМ-во культуры РСФСР. Упр. культуры Мособлсовета. Гос. дом-музей П.И. Чайковского в Клину
210 _aМосква
_cМузыка
_d1966
215 _a48 с.
_cил.
_d22
300 _aНа обороте тит. л. сост.: Соколинская И.Ю., Давыдова К.Ю., Муравич С.С. [и др.]
320 _aОсновные труды, созд. на материале архива Дома-музея П.И. Чайковского: с. 47-48
606 _aМузыкальные музеи
_yКлин (Московская область)
_jПутеводители
_2psbo
702 1 _4220
_aДавыдова
_bК. Ю.
_cхореограф, музыковед
_f1905-1992
_gКсения Юрьевна
_9142194
_3RU\NLR\AUTH\770142230
702 1 _aМуравич
_bС.С.
_4220
702 1 _aСоколинская
_bИ.Ю.
_4220
702 1 _4570
_8rus
_7ca
_aЧайковский
_bП. И.
_f1840-1893
_gПетр Ильич
_3RU\NLR\AUTH\7710326
_9120104
710 1 2 _aДом-музей П.И. Чайковского (Клин)
801 0 _aRU
_bNLR
_gpsbo
801 1 _aRU
_bELAR
_2rusmarc
852 _aNLR
_j66-6/7834
942 _cBOOK
980 _aNB